|
|
|
|
| LEADER |
00000ckm a2200000 a 4500 |
| 001 |
vtls001396468 |
| 003 |
SK-MaSNL |
| 005 |
20260512123827.0 |
| 007 |
kp co |
| 008 |
230718s1970 xo g 0kuslo |
| 015 |
|
|
|a SNBG1970
|
| 035 |
|
|
|a SNK000350844
|
| 035 |
|
|
|a urn:nbn:sk:snk-km3lzhh
|
| 035 |
|
|
|a B5B31A84-B52D-4866-9EFC-1185AF760DD1
|
| 035 |
|
|
|a urn:nbn:sk:snk-km00dns7
|
| 040 |
|
|
|a SNK
|b slo
|c SNK
|e AACR2
|
| 041 |
0 |
|
|a slo
|
| 043 |
|
|
|a e-xo---
|
| 044 |
|
|
|a xo
|c SK
|
| 072 |
|
7 |
|a 913
|x Regionálna geografia
|2 konspekt
|
| 080 |
|
|
|a 913(437.612)
|2 2011
|
| 080 |
|
|
|a (084.121)
|2 2011
|
| 080 |
|
|
|a 72
|2 2011
|
| 100 |
1 |
|
|a Kanka, Ján
|4 pht
|9 181462
|
| 245 |
1 |
|
|a Trnava
|h grafika
|c foto Ján Kanka
|
| 260 |
|
|
|a Bratislava
|b [Epocha]
|c 1970
|
| 300 |
|
|
|a 1 pohľadnica
|b farebná
|c 15 x 11 cm
|
| 520 |
8 |
|
|a Zobrazenie: Pohľad na Mestskú vežu vpravo v pozadí. V popredí vravo park so stromami. Vľavo automobili, v pozadí autobus. Na chodníku ľudia.
|
| 650 |
0 |
7 |
|a Mestská veža (Trnava, Slovensko)
|2 SNKPH
|9 173573
|
| 651 |
|
7 |
|a Trnava (Slovensko)
|2 SNKPHgeo
|9 19407
|
| 655 |
|
7 |
|a miestne pohľadnice
|2 SNKPH
|9 70510
|
| 852 |
|
|
|a Slovenská národná knižnica
|
| 954 |
|
|
|a pohľadnice pôvodné (slovenské)
|2 lita
|
| 958 |
|
|
|a GBN
|
| 958 |
|
|
|a GC
|
| 958 |
|
|
|a OND
|
| 999 |
|
|
|c 810652
|d 812582
|
| 952 |
|
|
|t P60, <03>, [BOOK], {603}
|a SNK
|b SNK
|y PREZ
|7 0
|p 17A1278712
|o snkSP 149614
|i snkPV 963/2000
|z Pohľadnica prešla poštou.
|0 0
|1 0
|4 0
|d 2000-09-19
|f 1
|l 0
|r 2005-01-02 00:00:00
|w 2026-02-24
|